| 000 | 00992nam a22002057a 4500 | ||
|---|---|---|---|
| 003 | NUST | ||
| 005 | 20231103092833.0 | ||
| 008 | 230404b ||||| |||| 00| 0 eng d | ||
| 020 | _a9783319944623 | ||
| 040 | _a0 | ||
| 082 | _a006.32,AGG | ||
| 100 |
_aC. Aggarwal, Charu _9111687 |
||
| 245 |
_aNeural Networks and Deep Learning : _b A Textbook / _cCharu C. Aggarwal |
||
| 260 |
_aSpringer _bU.S.A _c2018 |
||
| 300 | _axxiii, 497 p | ||
| 505 | _aAn Introduction to Neural Networks (Page-1), Machine Learning with Shallow Neural Networks (Page-53), Training Deep Neural Networks (Page-105), Teaching Deep Learners to Generalize (Page-169), Radial Basis Function Networks (Page-217), Restricted Boltzmann Machines (Page-235), Recurrent Neural Networks (Page-271), Convolutional Neural Networks (Page-315), Deep Reinforcement Learning (Page-373), Advanced Topics in Deep Learning (Page-419). | ||
| 650 |
_aNeural Networks _958055 |
||
| 651 |
_aDeep Learning _9118579 |
||
| 942 |
_2ddc _cREF |
||
| 999 |
_c594427 _d594427 |
||